Tres experiencias de trabajo con campesinos
Zapisane w:
| 1. autor: | |
|---|---|
| Format: | Texto |
| Wydane: |
San José:
ISADE
|
| Etykiety: |
Dodaj etykietę
Nie ma etykietki, Dołącz pierwszą etykiete!
|
MARC
| LEADER | 00000 a a2200000 04500 | ||
|---|---|---|---|
| 001 | 16637 | ||
| 003 | |||
| 040 | |||
| 090 | |a 011800 | ||
| 100 | |a Huizer, Gerrit | ||
| 245 | |a Tres experiencias de trabajo con campesinos | ||
| 260 | |a San José: |b ISADE | ||
| 300 | |a 27 p. | ||
| 500 | |a Tomado de Guerrit Huizer: El potencial revolucionario del campesino en América Latina, pp. 45-91 | ||
| 999 | |c 6826 |d 6826 | ||
